| 000 | 00368nam a2200157Ia 4500 | ||
|---|---|---|---|
| 008 | 231030s9999||||xx |||||||||||||| ||und|| | ||
| 020 | _a9.7881744687e+012 | ||
| 082 |
_a383.7 _bSin/N |
||
| 100 | _aSingh b.d | ||
| 245 | 0 | _aNegotiation & counselling | |
| 250 | _a1st Edition | ||
| 260 |
_aNew Delhi _bExcel books |
||
| 260 | _c2010 | ||
| 300 | _a210p. | ||
| 942 | _cBK | ||
| 999 |
_c42225 _d42225 |
||